000 00625nam a22001817a 4500
008 140430t sp||||| |||| 00| 0 spa d
020 _a848063376X
050 0 4 _aP94.6
_bH46 1999
100 1 _aHernández Sacristán, Carlos
245 1 0 _aCulturas y acción comunicativa :
_bintroducción a la pragmática intercultural /
_cCarlos Hernández Sacristán
250 _a1a ed.
260 _aBarcelona :
_bEdiciones Octaedro,
_c1999
300 _a189 p. ;
_c23 cm.
440 0 _aLenguaje y Comunicación ;
_v13
504 _aBibliografía : p. 181-189 e índice
650 4 _aComunicación intercultural
942 _2lcc
_cLIB
999 _c51137
_d51137